[Event "32nd Reykjavik Open 2017"]
[Site "Reykjavik"]
[Date "2017.04.26"]
[Round "9"]
[White "Jobava, Baadur"]
[Black "Giri, Anish"]
[Result "0-1"]
[WhiteElo "2712"]
[BlackElo "2771"]
[Annotator "TA"]
[PlyCount "104"]
[EventDate "2017.??.??"]
[EventType "swiss"]
[EventCountry "ISL"]
[SourceTitle "playchess.com"]
[Source "ChessBase"]
[SourceQuality "1"]

{[%evp 17,104,0,3,-1,0,-29,-35,-35,-33,-41,-29,-34,-12,-18,-10,-42,-20,-34,-28,-34,0,-89,-68,-113,-107,-175,-88,-79,-86,-98,-60,-45,-33,-45,-42,-42,0,-25,0,-5,20,0,15,0,6,-22,0,0,58,37,26,-70,-72,-81,-74,-57,-51,-81,-84,-92,-81,-82,-90,-152,-155,-158,-159,-177,-184,-184,-184,-177,-189,-183,-121,-230,-218,-217,-134,-153,-137,-1827,-1820,-29995,-1642,-29994,-29995,-29998,-29999]} 1. e4 c5 2. Nf3 d6 3. d4 cxd4 4. Nxd4 Nf6 5. Nc3 a6 6. Bg5 e6 7. f4 Qb6 8. Nb3 Nbd7 9. Be2 Be7 10. Qd3 {B97: Sicilian Najdorf: Poisoned Pawn} Qc7 11. O-O (11. Bf3 Rb8 12. O-O-O b5 13. Kb1 O-O 14. Ne2 Bb7 15. g4 b4 16. h4 a5 17. Bxf6 Nxf6 18. g5 Nd7 19. Nbd4 {0-1 (41) Brookes,J (2511)-Robson,N (2602) ICCF email 2014}) 11... b5 12. a3 {Black is slightly better.} Bb7 13. Kh1 $146 (13. f5 h6 14. fxe6 fxe6 15. Bf4 e5 16. Bd2 O-O 17. Kh1 Rac8 18. Qh3 Rce8 19. Bf3 Nb6 {½-½ (19) Ivanovic,B (2436)-Marjanovic,S (2479) Subotica 2008}) 13... Rc8 14. Rae1 O-O 15. Qh3 Rfe8 16. Bd3 e5 17. fxe5 dxe5 18. Re3 Nf8 19. Ne2 (19. Bxf6 $11 Bxf6 20. Nd5 Bxd5 21. exd5) 19... Qd7 20. Rf5 Qe6 21. Nd2 (21. Nc3 $17 {was necessary.}) 21... N6d7 (21... g6 $1 $19 {...Nxe4 is the strong threat.} 22. Bxf6 gxf5 23. Rg3+ Ng6 24. Bxe7 fxe4 25. Qxe6 fxe6 26. Nxe4 Rxe7) 22. Bxe7 $17 Rxe7 23. Nb3 g6 24. Qg3 Nf6 {Threatens to win with ...Nxe4!} 25. Rf1 N8d7 26. Qe1 Kg7 27. Ng3 h5 28. Ne2 {[%cal Bg3e2,Be2g1,Bg1f3][%mdl 32]} Rh8 29. h3 Qb6 30. Ng1 h4 31. Nf3 Ree8 32. Kh2 Rh5 (32... Nh5 $11) 33. Re2 Reh8 34. Qf2 ({White should play} 34. Kh1 $11) 34... Qxf2 $15 35. Rfxf2 g5 $1 {[%cal Bg6g5,Bg5g4][%mdl 32]} 36. Rf1 g4 37. Nfd2 Rg5 38. c4 Nh5 39. cxb5 axb5 40. Bxb5 (40. hxg4 $142 Ng3 41. Bxb5) 40... Ndf6 $1 $17 (40... Ng3 41. Bxd7 Nxe2 42. Bxg4 $11) 41. Nc5 Bc8 42. Ree1 Nf4 (42... gxh3 43. gxh3 Rg3 44. Rg1 $17) 43. hxg4 Nxg4+ (43... Rxg4 44. Rf2 $15) 44. Kh1 Nf6 $1 45. Nd3 Rg3 ({Don't play} 45... Nxg2 46. Rg1 Nxe1 47. Rxg5+ Kh6 48. Nxe5 Kxg5 49. Nxf7+ Kg6 50. Nxh8+ Kg7 51. a4 $11 (51. e5 Ng4 52. Be2 Nxe5 $17)) (45... h3 46. g4 $15) (45... Nxd3 $1 $19 46. Bxd3 Rg3) 46. Rf3 (46. Nxe5 $2 h3 47. Kh2 (47. Rxf4 $2 hxg2+ 48. Kg1 Rh1+ 49. Kf2 Rxe1 $19) 47... Rxg2+ 48. Kh1 N6h5 $19) (46. Rxf4 $17 exf4 47. Nxf4) 46... Bg4 $19 47. Rfe3 ({But not} 47. Nxf4 Bxf3 48. gxf3 (48. Nxf3 $2 exf4 49. Nd4 Kg6 $19) 48... exf4) 47... Rxg2 48. Nc4 {[#]} Rc2 $1 $40 {[%mdl 128] And now ...Nxe4! would win. Black wants a kill.} 49. Ndxe5 $2 {[%mdl 8192] [#]} (49. Rg1 $17 N4h5 50. Rg2 Ng3+ 51. Kg1 Rxg2+ 52. Kxg2 Nfxe4 53. Re1) 49... N6h5 $1 {[%cal Rh5g3] ( -> ...Ng3+)} 50. Kg1 Ng3 (50... Rg2+ $142 51. Kf1 Ng3+ 52. Rxg3 hxg3 53. Nf3 Rh1+ 54. Ng1 Rhxg1#) 51. Rxg3 hxg3 52. Ne3 Nh3+ 0-1

[Event "32nd Reykjavik Open 2017"]
[Site "Reykjavik"]
[Date "2017.04.26"]
[Round "9"]
[White "Almasi, Zoltan"]
[Black "Vidit, Santosh Gujrathi"]
[Result "1/2-1/2"]
[WhiteElo "2696"]
[BlackElo "2670"]
[Annotator "TA"]
[PlyCount "60"]
[EventDate "2017.??.??"]
[EventType "swiss"]
[EventCountry "ISL"]
[SourceTitle "playchess.com"]
[Source "ChessBase"]
[SourceQuality "1"]

{[%evp 14,60,15,0,0,0,0,0,0,0,5,0,13,0,0,10,4,0,0,0,0,0,0,-14,0,0,0,0,0,0,0,0,0,0,0,0,22,0,0,-16,-9,-13,0,0,0,0,0,0,0]} 1. Nf3 c5 2. c4 Nf6 3. Nc3 d5 4. cxd5 Nxd5 5. g3 Nc6 6. Bg2 Nc7 7. O-O e5 8. a3 {The position is equal.} Rb8 {A34: Symmetrical English: 2 Nc3, lines with ...d5} 9. Rb1 f6 10. d3 Be7 11. Be3 Bd7 12. Nd2 O-O 13. b4 cxb4 14. axb4 Kh8 15. Bxc6 $146 ({Predecessor (2):} 15. Bc5 Bxc5 16. bxc5 {½-½ (68) Berlinger,G (2490)-Cesetti,C (2591) ICCF email 2011}) 15... bxc6 16. Bxa7 Rxb4 17. Bb6 Bh3 {aiming for ...Rxb1.} 18. Re1 Qd7 19. Bxc7 {[#] And now Ba5 would win.} Qxc7 20. Qc2 Qd7 21. Rxb4 Bxb4 22. Rb1 c5 23. Nce4 Qe7 24. Nc4 Qa7 25. Nc3 Qa8 {[%csl Gh3][%cal Ra8g2] [#]} 26. e4 (26. f3 $5 {seems wilder.} h5 27. Qb2 Qc6 28. Ne4 Ra8 29. Ra1) 26... Bxc3 27. Qxc3 h5 28. Qc2 Rd8 29. Ne3 Qc8 30. Rc1 Bg4 1/2-1/2

[Event "32nd Reykjavik Open 2017"]
[Site "Reykjavik"]
[Date "2017.04.26"]
[Round "9"]
[White "Shirov, Alexei"]
[Black "Thorhallsson, Throstur"]
[Result "1-0"]
[WhiteElo "2693"]
[BlackElo "2423"]
[Annotator "TA"]
[PlyCount "53"]
[EventDate "2017.??.??"]
[EventType "swiss"]
[EventCountry "ISL"]
[SourceTitle "playchess.com"]
[Source "ChessBase"]
[SourceQuality "1"]

{[%evp 7,52,22,34,30,47,38,41,34,34,33,29,25,31,33,27,23,41,45,38,37,29,0,128,128,271,245,286,283,277,267,318,297,411,329,374,368,511,514,516,333,699,687,941,933,1054,1035,1318]} 1. e4 c5 2. Nf3 Nc6 3. Bb5 d6 4. O-O e6 5. Re1 {B51: Sicilian: Moscow Variation (3 Bb5+) without 3...Bd7} (5. Bxc6+ bxc6 6. e5 d5 7. d3 Ne7 8. Nc3 Ba6 9. b3 Nc8 10. Ne2 Nb6 11. c4 Be7 12. Be3 O-O {1-0 (39) Delgado Ramirez,N (2609)-Gauche,C (2250) Florianopolis 2016}) 5... Nge7 6. c3 a6 7. Ba4 {White is slightly better.} b5 8. Bc2 Ng6 9. a4 $146 {Black must now prevent axb5.} (9. d4 Be7 10. Nbd2 Bb7 11. g3 O-O 12. h4 b4 13. h5 Nh8 14. d5 Ne5 15. Nxe5 dxe5 {1-0 (55) Rodchenkov,V (2305)-Kurganov,D (2106) Samara 2002}) 9... b4 10. d4 bxc3 11. Nxc3 cxd4 12. Nxd4 Nb4 13. Bb3 $36 {[%mdl 2048] Black is under pressure.} Be7 14. f4 {[%cal Bf2f4,Bf4f5][%mdl 32]} Bf6 {[#]} (14... O-O $11 {remains equal.}) 15. f5 $1 $16 {[%cal Rf5g6]} Nf8 (15... Ne5 $16 {was called for.}) 16. a5 Bd7 17. Nf3 Nc6 18. Qxd6 Nxa5 19. Ba2 Nb7 20. Qb4 Bc6 21. Bd5 Qc8 22. Nd4 Bxd5 23. Nxd5 Bd8 $2 {[#]} (23... exd5 24. exd5+ Ne6 25. fxe6 Bxd4+ 26. Qxd4 Qc5) 24. Bf4 $18 a5 25. Qa4+ Qd7 26. Nb5 Rc8 27. Rad1 1-0

[Event "32nd Reykjavik Open 2017"]
[Site "Reykjavik"]
[Date "2017.04.26"]
[Round "9"]
[White "Jones, Gawain C B"]
[Black "Nebolsina, Vera"]
[Result "1-0"]
[WhiteElo "2671"]
[BlackElo "2285"]
[Annotator "TA"]
[PlyCount "65"]
[EventDate "2017.??.??"]
[EventType "swiss"]
[EventCountry "ISL"]
[SourceTitle "playchess.com"]
[Source "ChessBase"]
[SourceQuality "1"]

{[%evp 11,65,0,10,-18,-6,0,-15,-20,9,13,22,5,-10,-1,22,0,3,-3,15,0,108,0,0,0,0,0,0,0,0,0,49,41,48,12,13,30,41,34,59,0,1,0,36,39,37,19,30,0,0,0,517,498,495,473,1069,1057]} 1. e4 c5 2. d3 Nc6 3. f4 g6 4. Nf3 Bg7 5. Be2 d6 6. O-O e6 {LiveBook: 37 Games. B21: Sicilian: 2 f4 and Morra Gambit} ({Relevant:} 6... Nf6 7. c3 O-O 8. Kh1 b5 9. a3 a5 10. Be3 Ng4 11. Bg1 e5 12. fxe5 Ngxe5 13. Nxe5 Nxe5 14. d4 Nd7 15. Bxb5 Qc7 {1-0 (42) Fedoseev,V (2664)-Yu,Y (2736) Ningbo 2015}) 7. a4 Nge7 8. c3 O-O {The position is equal.} 9. Na3 a6 10. Rb1 $146 ({Predecessor (2):} 10. Be3 f5 11. Qd2 b6 12. Rae1 Rb8 13. Bd1 Qc7 14. Bb3 {½-½ (48) Niegsch,N (2144)-Hartge,G (1858) Germany 2016}) 10... Rb8 11. d4 cxd4 12. cxd4 b6 13. Nc2 Bb7 14. b4 Rc8 15. Bb2 Qd7 (15... Na7 $11) 16. Ne3 (16. d5 $16) 16... d5 $1 $11 ({But not} 16... Nxb4 $6 {[#]} 17. d5 $1 {[%mdl 512]} Bxb2 18. Rxb2 $16) 17. b5 axb5 18. axb5 Na5 $1 19. e5 Nc4 20. Qb3 Nxe3 (20... Rc7 $5 {looks sharper.} 21. Rbc1 Rfc8 22. g4 Bh6 23. Ng2 Ra8) 21. Qxe3 Nf5 22. Qd2 h5 23. Bd3 Rc7 24. Qf2 Bh6 25. Nd2 ({White should play} 25. g3 $14) 25... Qe7 26. Ra1 {[%cal Bb1a1,Ba1a7,Ba7b7,Bb7b6,Bb6c6][%mdl 32] Threatens to win with Ba3.} Rfc8 27. Ba3 Qd8 28. Bxf5 exf5 29. Bd6 Rc2 30. Ra7 $36 {[%mdl 2048] White has good play.} Ra8 $2 {[%mdl 8192] [#]} (30... Qd7 $11 {and Black is okay.}) 31. Rxb7 $18 {White is clearly winning.} Qc8 32. Rxb6 Qc3 (32... Kh7 $142 33. Rc6 Rxc6) 33. Rc6 1-0

[Event "32nd Reykjavik Open 2017"]
[Site "Reykjavik"]
[Date "2017.04.26"]
[Round "9"]
[White "L'Ami, Erwin"]
[Black "Harika, Dronavalli"]
[Result "1-0"]
[WhiteElo "2614"]
[BlackElo "2521"]
[Annotator "TA"]
[PlyCount "75"]
[EventDate "2017.??.??"]
[EventType "swiss"]
[EventCountry "ISL"]
[SourceTitle "playchess.com"]
[Source "ChessBase"]
[SourceQuality "1"]

{[%evp 13,75,37,34,39,29,19,25,-8,33,0,0,0,0,0,0,0,0,-30,0,-7,-1,-8,-6,-14,0,-6,-4,-5,54,53,44,45,39,42,58,31,54,46,48,50,38,24,102,42,214,214,297,329,347,324,324,308,273,301,464,461,764,609,914,911,1231,1141,1118,1106]} 1. d4 Nf6 2. c4 e6 3. Nc3 Bb4 4. Qc2 d5 5. a3 Bxc3+ 6. Qxc3 Ne4 7. Qc2 c5 8. dxc5 {E37: Nimzo-Indian: Classical: 4...d5 5 a3 Bxc3+ 6 Qxc3 Ne4} Nc6 9. cxd5 exd5 (9... Qxd5 10. Be3 $16) 10. e3 {White has an edge.} Qf6 11. f3 Qh4+ 12. g3 Nxg3 $1 13. Qf2 Nf5 14. Qxh4 Nxh4 15. b4 {[%cal Bb2b4,Bb4b5][%mdl 32] [#]} a5 $146 ({Predecessor (3):} 15... a6) 16. b5 Ne5 17. Bb2 f6 (17... Nhxf3+ 18. Kf2 Nxg1 19. Rxg1 (19. Bxe5 Nh3+ 20. Bxh3 Bxh3 $14) 19... Ng4+ 20. Ke2 $16) 18. Kf2 O-O 19. Rd1 Be6 20. Ne2 $36 {[%mdl 2048] White is pushing.} Nhxf3 (20... Nexf3 $11 21. Nd4 Nxd4 22. Bxd4 Bf5) 21. Nf4 Bf7 22. Bg2 Nh4 23. Bxd5 Nc4 24. Bd4 Bxd5 (24... Nxa3 $6 25. Bxb7 Nxb5 26. Bxa8 Rxa8 27. Rhg1 $16) 25. Nxd5 Rad8 26. Nc7 {Strongly threatening Ne6.} Rd7 27. b6 $1 {With the idea c6!} (27. Ne6 Re8 28. Nf4 Nf5 $15) 27... Ng6 ({But not} 27... Nxa3 $6 28. c6 $1 {[%mdl 512]} Rd6 29. cxb7 $16) (27... Nf5 $1 $11 {remains equal.}) 28. Ke2 ({White should try} 28. c6 $1 $16 {[%cal Rc6d7]} bxc6 29. Rhg1 (29. Bc5 Rxd1 30. Rxd1 Rb8 $11)) 28... Ne7 $2 {[#]} ({Wrong is} 28... Nxa3 $2 29. c6 $1 {[%mdl 512]} Rd6 30. cxb7 $18) (28... Rb8 $14) 29. Rc1 $1 $18 {[%cal Rc1c4]} Ne5 30. Bxe5 $1 fxe5 31. Rhd1 Rfd8 32. Rxd7 Rxd7 {[%mdl 4096] Endgame KRN-KRN} 33. Nb5 Nc6 (33... a4 {is a better defense.} 34. Nd6 Nc6) 34. Nd6 {White is clearly winning.} g6 (34... e4 $142 35. Rc4 (35. Nxe4 Kf7 36. Nd6+ Ke6 $16) 35... Re7 36. Rxe4 Rxe4 37. Nxe4 Kf7 38. Nd6+ Ke6) 35. Kd3 Kg7 36. Kc4 e4 37. Kb5 Ne5 {[#]} 38. Nxb7 $1 {[%mdl 512]} 1-0

[Event "32nd Reykjavik Open 2017"]
[Site "Reykjavik"]
[Date "2017.04.26"]
[Round "9"]
[White "Yilmaz, Mustafa"]
[Black "Hjartarson, Johann"]
[Result "1-0"]
[WhiteElo "2614"]
[BlackElo "2536"]
[Annotator "TA"]
[PlyCount "73"]
[EventDate "2017.??.??"]
[EventType "swiss"]
[EventCountry "ISL"]
[SourceTitle "playchess.com"]
[Source "ChessBase"]
[SourceQuality "1"]

{[%evp 27,73,0,31,26,58,35,35,25,50,42,59,56,46,52,56,49,46,55,56,57,74,74,60,60,68,61,62,63,58,62,119,113,114,101,218,205,335,277,280,281,264,267,290,277,664,674,1600,1515]} 1. d4 Nf6 2. c4 e6 3. Nf3 Bb4+ 4. Nbd2 b6 5. a3 Bxd2+ 6. Qxd2 Bb7 7. e3 d6 8. Be2 Nbd7 9. O-O a5 10. b3 {[%cal Bb2b3,Bb3b4][%mdl 32]} O-O 11. Bb2 Qe7 12. Rfd1 {E14: Queen's Indian: Classical Variation (4 e3)} (12. Qc2 c5 13. Rfd1 Rfd8 14. Qc3 Ne4 15. Qe1 h6 16. Nd2 Nef6 17. Nb1 cxd4 18. exd4 e5 19. Bf1 e4 {1-0 (64) Wojtaszek,R (2742)-Moiseenko,A (2698) Germany 2015}) 12... Ne4 13. Qc2 f5 14. d5 e5 {LiveBook: 3 Games} 15. b4 $146 (15. Nd2 Nxd2 16. Rxd2 Nc5 17. b4 Nd7 18. Rf1 e4 19. f4 exf3 20. Rxf3 axb4 21. axb4 {1-0 (47) Abbasov,F (2543)-Filippov,A (2604) Nakhchivan 2011}) 15... Ng5 16. Bc3 Nxf3+ 17. Bxf3 (17. gxf3 Qh4 18. Bf1 Rf6 $17) 17... Qh4 18. Be2 Nf6 19. Be1 axb4 20. axb4 Qg5 21. Qc3 f4 22. exf4 Qxf4 23. f3 Qf5 24. Bd3 Qd7 25. Qc2 g6 26. Bd2 {Bh6 is the strong threat.} Qf7 27. Bh6 Rfb8 28. Rf1 b5 ({Black should try} 28... Re8 $14) 29. cxb5 $16 Bxd5 30. Ra5 Re8 (30... Rc8 $16 {was necessary.}) 31. Rc1 $18 Re7 {[#]} (31... Bb7 $142 32. Qxc7 Rac8 33. Qxf7+ (33. Qxd6 Rcd8 34. Bc4 Rxd6 $17) 33... Kxf7) 32. b6 $1 {[%mdl 512] Threatens to win with Rxa8+.} Rxa5 (32... cxb6 33. Rxa8+) 33. bxa5 {[%cal Rb6c7]} cxb6 34. Qc8+ ({Much less strong is} 34. axb6 Bb7 35. Qa4 (35. Bg5 Kg7 36. Qb2 h6 $16) 35... Kh8 $18) 34... Re8 35. Bb5 Bb7 $2 (35... Rxc8 36. Rxc8+ {[#]} Ne8 $1 {[%mdl 512]} 37. Rxe8+ Qxe8 38. Bxe8 bxa5) 36. Bxe8 Nxe8 37. Qd8 1-0

[Event "32nd Reykjavik Open 2017"]
[Site "Reykjavik"]
[Date "2017.04.26"]
[Round "9"]
[White "Gupta, Abhijeet"]
[Black "Grandelius, Nils"]
[Result "1/2-1/2"]
[WhiteElo "2607"]
[BlackElo "2641"]
[Annotator "TA"]
[PlyCount "93"]
[EventDate "2017.??.??"]
[EventType "swiss"]
[EventCountry "ISL"]
[SourceTitle "playchess.com"]
[Source "ChessBase"]
[SourceQuality "1"]

{[%evp 12,93,12,14,15,9,8,0,23,13,23,13,31,4,17,3,13,7,31,0,0,0,6,-3,7,5,5,5,5,5,5,6,6,7,8,7,6,6,7,0,14,13,11,6,6,6,32,5,8,0,0,0,7,10,40,39,40,0,0,0,0,0,17,8,8,8,8,0,0,0,0,0,0,0,0,0,0,0,0,0,0,0,0,0]} 1. d4 d5 2. c4 c6 3. Nf3 Nf6 4. Nc3 dxc4 5. a4 e6 6. e3 c5 7. Bxc4 cxd4 {D16: Slav Defence: 5 a4: Lines with 5...Bg4 and 5...Na6} 8. Qxd4 Qxd4 9. Nxd4 Bd7 $146 (9... a6 10. e4 Bc5 11. Nb3 Bb4 12. f3 Nc6 13. Be3 Bd7 14. Kf2 Rc8 15. Be2 {½-½ (55) Topalov,V (2803)-Gashimov,V (2719) Nanjing 2010}) 10. Ncb5 Kd8 11. O-O a6 12. Na3 Nc6 13. Nxc6+ Bxc6 14. Rd1+ Ke8 15. Nc2 Rc8 16. b3 Bd5 17. Na3 Bc5 18. Bb2 Bxc4 19. Nxc4 Ke7 20. Kf1 Rhd8 21. Rxd8 Kxd8 22. Ne5 Rc7 23. Rc1 Ne4 24. f3 Nd6 25. e4 f6 26. Nd3 Bb6 27. Rxc7 (27. Rd1 $5 {is more complex.} Nc8 28. Ke2 Rc2+ 29. Rd2 Rc7 30. Kd1) 27... Kxc7 $11 {[%mdl 4096] Endgame KBN-KBN} 28. Ke2 Kd7 29. g4 e5 30. Nb4 Ne8 31. Nd5 Bg1 (31... Bd8 $5 {creates asymmetry.} 32. Kd3 b5 33. axb5 axb5 34. Bc1 Nc7) 32. h4 Nc7 33. Nxc7 Kxc7 $14 {KB-KB} 34. Kd3 Bf2 {The position is equal.} 35. h5 Kc6 36. g5 Kd6 37. g6 hxg6 38. hxg6 b5 39. Bc1 Ke6 40. Ba3 f5 41. Bf8 {[#] Threatens to win with axb5.} fxe4+ $1 42. Kxe4 {And now axb5 would win.} ({Reject} 42. fxe4 Kf6 $17) 42... Kf6 43. axb5 axb5 44. Bd6 Bg3 45. Kd5 Kxg6 46. Bxe5 Bxe5 47. Kxe5 1/2-1/2

[Event "32nd Reykjavik Open 2017"]
[Site "Reykjavik"]
[Date "2017.04.26"]
[Round "9"]
[White "Van Foreest, Jorden"]
[Black "Liang, Awonder"]
[Result "1-0"]
[WhiteElo "2584"]
[BlackElo "2483"]
[Annotator "TA"]
[PlyCount "43"]
[EventDate "2017.??.??"]
[EventType "swiss"]
[EventCountry "ISL"]
[SourceTitle "playchess.com"]
[Source "ChessBase"]
[SourceQuality "1"]

{[%evp 13,43,9,23,16,24,0,131,134,124,132,145,132,123,134,221,220,227,232,336,345,975,957,898,958,1436,1447,1370,1016,1632,1016,991,989]} 1. e4 c6 2. d4 d5 3. e5 Bf5 4. Nf3 e6 5. Be2 c5 6. O-O Nc6 7. c3 Bg6 8. Be3 {B12: Caro-Kann: Advance Variation} Qb6 9. Na3 $146 (9. b4 cxb4 10. c4 Nge7 11. c5 Qa5 12. Nh4 Nf5 13. Nxf5 Bxf5 14. Nd2 Be7 15. g4 Bg6 {0-1 (47) Zhigalko,S (2640)-Wojtaszek,R (2711) Katowice 2010}) 9... c4 {[#]} (9... a6 $11 {keeps the balance.}) 10. Nxc4 $1 $16 {White is clearly better.} dxc4 11. d5 Bc5 {And now ...exd5 would win.} 12. Bxc5 Qxc5 13. dxc6 Qxc6 (13... bxc6 $16 14. Qd6 Qxd6 15. exd6 Nf6) 14. Nd4 $18 Qa6 {[#]} 15. a4 $1 {[%cal Ba2a4,Ba4a5][%mdl 32]} Qb6 (15... Bd3 {was necessary.} 16. Bxd3 cxd3) 16. a5 ({Weaker is} 16. Bxc4 Qc5 $18) 16... Qxb2 $2 (16... Qc7 17. Qa4+ Kf8 18. Bxc4 (18. Qxc4 Qxc4 19. Bxc4 Ne7 $18) 18... Qc8 19. Qb4+ Ne7) 17. Qa4+ {White is clearly winning.} Kf8 18. Qxc4 ({Less strong is} 18. Bxc4 Ne7 19. Ra3 b5 20. axb6 Qxb6 21. Bxe6 a5 $18) 18... Qd2 19. Qb4+ Ne7 20. Rfd1 Qh6 21. Qxb7 Re8 22. Bb5 1-0

[Event "32nd Reykjavik Open 2017"]
[Site "Reykjavik"]
[Date "2017.04.26"]
[Round "9"]
[White "Can, Emre"]
[Black "Praggnanandhaa R"]
[Result "1-0"]
[WhiteElo "2578"]
[BlackElo "2447"]
[Annotator "TA"]
[PlyCount "79"]
[EventDate "2017.??.??"]
[EventType "swiss"]
[EventCountry "ISL"]
[SourceTitle "playchess.com"]
[Source "ChessBase"]
[SourceQuality "1"]

{[%evp 19,79,0,36,27,41,40,84,66,66,41,102,102,67,71,39,50,44,18,39,56,34,20,69,81,140,156,146,137,402,399,404,402,399,372,724,704,696,592,1010,595,582,579,552,552,543,530,718,543,711,543,519,483,515,481,437,439,837,842,814,802,4811,4797]} 1. Nf3 Nf6 2. c4 e6 3. d4 d5 4. Nc3 dxc4 5. e4 Bb4 6. Bg5 h6 7. Bxf6 Qxf6 8. Bxc4 c5 9. O-O {D39: Queen's Gambit Declined: Ragozin Defence with 5 Bg5 dxc4} (9. e5 Qd8 10. O-O cxd4 11. Ne4 O-O 12. Qe2 Be7 13. Rad1 Qb6 14. Nxd4 Rd8 15. Qg4 Rxd4 16. Rxd4 Nc6 17. Nf6+ Kf8 18. Qxg7+ {1-0 (18) Bindrich,F (2584)-Nisipeanu,L (2687) Austria 2016}) 9... cxd4 10. e5 Qe7 {LiveBook: 6 Games} 11. Qxd4 {White is slightly better.} O-O 12. Qe4 $146 (12. Bd3 Bxc3 13. Qe4 g6 14. bxc3 Nd7 15. Rad1 Nc5 16. Qe3 Kg7 {0-1 (42) Bellanger,M-Mujica,H LSS email 2007}) 12... Rd8 13. Bd3 g6 14. Rac1 Nc6 (14... Qf8 $14) 15. h4 $16 h5 16. Ne2 $36 {[%mdl 2048] Black is under strong pressure.} Qf8 17. Bb1 Be7 18. g4 hxg4 19. Qxg4 Qg7 20. Qg3 Bd7 21. Rc4 $1 Be8 (21... Qh6 $142) 22. Rg4 $1 Qh8 23. Re1 Nb4 $2 {[%mdl 8192] [#]} (23... Bb4 $16 {might work better.} 24. Nc3 Be7) 24. h5 $1 $18 {[%cal Rh5g6]} Nd3 (24... Qxh5 25. Kg2 Qh8 26. Ned4 Rxd4 27. Nxd4 $18 (27. Rxd4 Bc6 $16)) 25. Bxd3 Rxd3 26. hxg6 (26. Nf4 Rxf3 27. Qxf3 Bc6 $16) 26... f5 $2 (26... fxg6 27. Nf4 Rad8 28. Nxe6 (28. Nxg6 Bxg6 29. Rxg6+ Kf7 $16) 28... Qh5) 27. exf6 $1 {White is clearly winning.} Qxf6 28. Nf4 Rd6 29. Qh3 Qh8 {Black hopes to continue with ...Qxh3.} 30. Qh7+ Qxh7 31. gxh7+ Kh8 {[#]} 32. Kg2 $1 {Rh1 is the strong threat.} (32. Nxe6 Bd7 $16) 32... Bf6 33. Rg8+ (33. Rxe6 Rxe6 34. Nxe6 Bd7 $14) ({Not} 33. Nxe6 Bd7 34. Nfg5 Bxg5 35. Nxg5 Rf8 $16) 33... Kxh7 34. Rg4 {Intending Rh1+ and mate.} Bg7 {If Black can now play ...Bc6 this consolidates a bit.} 35. Ng5+ Kh8 36. Rh1+ ({Less strong is} 36. Nfxe6 Bc6+ 37. f3 Kg8 $18) 36... Kg8 37. Ngxe6 {[%csl Ge6][%cal Rg4g7]} Rd7 (37... Bc6+ $142 38. f3 Rd7) 38. Rh3 Re7 39. Rhg3 Bc6+ 40. f3 1-0

[Event "32nd Reykjavik Open 2017"]
[Site "Reykjavik"]
[Date "2017.04.26"]
[Round "9"]
[White "Blomqvist, Erik"]
[Black "Hambleton, Aman"]
[Result "1/2-1/2"]
[WhiteElo "2548"]
[BlackElo "2434"]
[Annotator "TA"]
[PlyCount "95"]
[EventDate "2017.??.??"]
[EventType "swiss"]
[EventCountry "ISL"]
[SourceTitle "playchess.com"]
[Source "ChessBase"]
[SourceQuality "1"]

{[%evp 7,95,15,19,13,6,0,5,-14,-7,-7,-7,-7,-7,-7,-7,-7,-7,-6,-7,-10,0,-12,-5,-10,0,-8,-14,-6,0,0,0,0,0,-13,0,0,0,0,0,0,0,0,0,-6,0,0,0,-20,8,8,8,8,8,0,5,0,8,0,8,0,8,5,8,8,20,0,8,0,20,8,8,8,8,8,8,0,8,7,8,8,8,7,7,7,7,0,7,0,7,0]} 1. Nf3 d5 2. g3 c6 3. Bg2 Bg4 4. O-O Nd7 {The position is equal.} 5. h3 {A07: Réti Opening: New York and Capablanca Systems} Bxf3 6. Bxf3 e5 ({Relevant:} 6... Ngf6 7. d3 e5 8. e4 dxe4 9. dxe4 Bc5 10. Nd2 O-O 11. a4 a5 12. Qe2 Qe7 13. Rd1 Rfd8 14. Nc4 b6 15. Kg2 h6 16. Rd3 Qe6 17. b3 Bd4 18. c3 Bc5 19. Qd1 Be7 {1-0 (51) Ding,L (2759)-Yu,Y (2750) Shenzhen 2017}) 7. c4 $146 ({Predecessor (3):} 7. d3 Bd6 8. e4 dxe4 9. dxe4 Qe7 10. Nd2 O-O-O 11. Nc4 Bc7 12. Qe2 Ngf6 {1-0 (29) Banusz,T (2616)-Eden,J (2320) Escaldes 2016}) 7... dxc4 8. Qc2 Nb6 9. a4 a5 10. Na3 Nf6 11. Nxc4 Nxc4 12. Qxc4 Bb4 13. d3 O-O 14. Bg2 Re8 15. Rd1 h6 16. e4 Qe7 17. Be3 Nd7 18. Rac1 Nf8 19. d4 exd4 20. Bxd4 Rad8 21. Bb6 Rxd1+ 22. Rxd1 Nd7 23. Be3 Nc5 24. Bxc5 Bxc5 25. h4 Bb6 26. Qb3 Qc5 27. Kh2 Re7 ({But not} 27... Qxf2 $2 28. Rf1 $18) 28. f4 g6 29. e5 h5 30. Qc3 Kg7 31. Qd2 Re8 32. Qc3 Re7 33. Qb3 Qe3 34. Rd3 Qc5 35. Kh3 Bc7 36. Kh2 Bb6 37. Kh3 Bc7 38. Bf3 Bb6 39. Qd1 Qc4 40. Be2 Qe4 41. Bf3 Qc4 42. Rd6 Bc5 43. b3 Qb4 44. Rd3 Bb6 45. Be2 Qe4 46. Bf3 Qb4 47. Be2 Qe4 48. Bf3 1/2-1/2